|
|
|
|
| LEADER |
00000nam a2200000Ii 4500 |
| 001 |
DIGEPUJ0172 |
| 003 |
NyNyDIG |
| 006 |
m o d |
| 007 |
cr ||||||||||| |
| 008 |
211012s2017 ck a ob 000 0bspa d |
| 035 |
|
|
|a (OCoLC)1175639402
|
| 040 |
|
|
|a DGITA
|b eng
|e rda
|e pn
|c DGITA
|
| 020 |
|
|
|z 9789587811117
|
| 043 |
|
|
|a s-ck---
|
| 050 |
1 |
4 |
|a BX4700.L345 ebook
|
| 082 |
0 |
4 |
|a 271.97
|
| 100 |
0 |
|
|a Laura,
|c madre,
|d 1874-1949,
|e author.
|
| 240 |
1 |
0 |
|a Autobiografía de la Madre Laura de Santa Catalina
|
| 245 |
1 |
0 |
|a Historia de las misericordias de Dios en un alma :
|b autobiografía, Santa Laura Montoya /
|c Nancy López Peña, editora.
|
| 250 |
|
|
|a Primera edición completa.
|
| 264 |
|
1 |
|a Medellín :
|b Misioneras de la Inmaculada y Santa Catalina del Sena (Madre Laura) ;
|a Bogotá D.C. :
|b Editorial Pontificia Universidad Javeriana,
|c 2017.
|
| 300 |
|
|
|a 1 online resource :
|b illustrations.
|
| 336 |
|
|
|a text
|b txt
|2 rdacontent
|
| 337 |
|
|
|a computer
|b c
|2 rdamedia
|
| 338 |
|
|
|a online resource
|b cr
|2 rdacarrier
|
| 347 |
|
|
|a text file
|2 rdaft
|
| 347 |
|
|
|b EPUB
|
| 504 |
|
|
|a Includes bibliographical references.
|
| 588 |
0 |
|
|a Online resource; title from ePub title page (Digitalia, viewed October 12, 2021)
|
| 600 |
0 |
0 |
|a Laura,
|c madre,
|d 1874-1949.
|
| 650 |
|
0 |
|a Christian saints
|z Colombia
|v Biography.
|
| 655 |
|
0 |
|a Electronic books.
|
| 700 |
1 |
|
|a López Peña, Nancy,
|e editor.
|
| 791 |
2 |
|
|a Digitalia (Firm),
|e distributor.
|
| 793 |
0 |
|
|g Digitalia eBook Collection:
|a Pontificia Universidad Javeriana
|
| 776 |
0 |
8 |
|i Print version:
|a Laura, madre, 1874-1949.
|s Autobiografía de la Madre Laura de Santa Catalina.
|t Historia de las misericordias de Dios en un alma.
|b Primera edición completa.
|d Bogotá D.C. : Editorial Pontificia Universidad Javeriana, 2017
|z 9789587811117
|
| 856 |
4 |
0 |
|3 Digitalia Hispánica
|u https://www.digitaliapublishing.com/a/56173/
|
| 910 |
|
|
|a Premium collection: 2021
|